书目信息 |
| 题名: |
超临界流体技术
|
|
| 作者: | 朱自强 编著 | |
| 分册: | ||
| 出版信息: | 北京 化学工业出版社 2000 |
|
| 页数: | 660页 | |
| 开本: | 32开 | |
| 丛书名: | ||
| 单 册: | ||
| 中图分类: | TQ021.1 | |
| 科图分类: | ||
| 主题词: | 化工过程:物理化学过程 , 超临界流动 | |
| 电子资源: | ||
| ISBN: | 7-5025-2641-2 | |
| 000 | 00675nam0 2200217 45 | |
| 001 | 0112171094 | |
| 005 | 20031219104052.0 | |
| 010 | @a7-5025-2641-2@dCNY50.00 | |
| 100 | @a20011217d2000 km y0chiy0120 ea | |
| 101 | 0 | @achi |
| 105 | @aak z 000yy | |
| 200 | 1 | @a超临界流体技术@AChao Lin Jie Liu Ti Ji Shu@e原理和应用@EYuan Li He Ying Yong@f朱自强编著@FZhu Zi Qiang Bian Zhu |
| 210 | @a北京@c化学工业出版社@d2000 | |
| 215 | @a660页@c图表@d32开 | |
| 517 | 0 | @a原理和应用@AYuan Li He Ying Yong |
| 606 | 0 | @a化工过程:物理化学过程 |
| 606 | 0 | @a超临界流动 |
| 690 | @aTQ021.1@v4 | |
| 701 | @a朱自强@4编著 | |
| 801 | @aCN@bTSTC@c20011217 | |
| 905 | @b301516-520@dTQ021.1@e47@f5 | |
| 超临界流体技术:原理和应用/朱自强编著.-北京:化学工业出版社,2000 |
| 660页:图表;32开 |
| ISBN 7-5025-2641-2:CNY50.00 |
| ● |
| 相关链接 |
|
|
|
|
正题名:超临界流体技术
索取号:TQ021.1/47
 
预约/预借
| 序号 | 登录号 | 条形码 | 馆藏地/架位号 | 状态 | 备注 |
| 1 | 0301516 | 203015165 | 第三借阅区/ [索取号:TQ021.1/47] | 在馆 | |
| 2 | 0301517 | 203015174 | 第三借阅区/ [索取号:TQ021.1/47] | 在馆 | |
| 3 | 0301518 | 203015183 | 第三借阅区/ [索取号:TQ021.1/47] | 在馆 | |
| 4 | 0301519 | 203015192 | 第三借阅区/ [索取号:TQ021.1/47] | 在馆 | |
| 5 | 0301520 | 203015209 | 第二样本阅览室/ [索取号:TQ021.1/47] | 在馆 |